[Event "2. Bundesliga West 2006/2007"]
[Site "?"]
[Date "2006.10.22"]
[Round "2"]
[White "Mrsic, Robert"]
[Black "Schiestl, Josef"]
[Result "1/2-1/2"]
[WhiteElo "2125"]
[BlackElo "2144"]
[PlyCount "38"]
[EventDate "2006.??.??"]
[SourceDate "2006.10.21"]

1. e4 c5 2. Nf3 Nc6 3. Bb5 g6 4. O-O Bg7 5. Re1 Nf6 6. e5 Nd5 7. Nc3 Nc7 8.
Bxc6 dxc6 9. Ne4 b6 10. Nf6+ Kf8 11. Ne4 Bg4 12. d3 h6 13. Ned2 Kg8 14. Qe2 Qd5
15. h3 Bxf3 16. Nxf3 Ne6 17. c4 Qd7 18. Be3 Kh7 19. Rad1 Rad8 1/2-1/2

[Event "2. Bundesliga West 2006/2007"]
[Site "?"]
[Date "2006.10.22"]
[Round "2"]
[White "Scheffknecht, Philipp"]
[Black "Natter, Markus"]
[Result "1-0"]
[WhiteElo "2178"]
[BlackElo "2102"]
[PlyCount "27"]
[EventDate "2006.??.??"]
[SourceDate "2006.10.21"]

1. d4 Nf6 2. Nf3 e6 3. c4 c5 4. e3 b6 5. Bd3 Bb7 6. O-O Be7 7. Nc3 d6 8. d5
exd5 9. cxd5 O-O 10. e4 Re8 11. Nd2 Na6 12. f4 Nc7 13. Nf3 Bf8 14. e5 1-0

[Event "2. Bundesliga West 2006/2007"]
[Site "?"]
[Date "2006.10.22"]
[Round "2"]
[White "Schmidt, Georg"]
[Black "Halasz, Tamas"]
[Result "1/2-1/2"]
[WhiteElo "2374"]
[BlackElo "2357"]
[PlyCount "50"]
[EventDate "2006.??.??"]
[SourceDate "2006.10.21"]

1. e4 e5 2. Nf3 Nc6 3. Bb5 a6 4. Ba4 Nf6 5. d4 exd4 6. O-O Be7 7. Re1 b5 8. e5
Nxe5 9. Rxe5 d6 10. Re1 bxa4 11. Nxd4 Bd7 12. Qf3 O-O 13. Nc6 Bxc6 14. Qxc6 Nd7
15. Nc3 Nb6 16. Nxa4 Nxa4 17. Qxa4 Bf6 18. c3 Qc8 19. Bd2 Qb7 20. Qc2 Rfe8 21.
b3 c5 22. Rxe8+ Rxe8 23. Re1 Rxe1+ 24. Bxe1 d5 25. c4 g6 1/2-1/2

[Event "2. Bundesliga West 2006/2007"]
[Site "?"]
[Date "2006.10.22"]
[Round "2"]
[White "Lawitsch, Guenther"]
[Black "Hecht, Hans Joachim"]
[Result "1/2-1/2"]
[WhiteElo "2294"]
[BlackElo "2394"]
[PlyCount "21"]
[EventDate "2006.??.??"]
[SourceDate "2006.10.21"]

1. d4 Nf6 2. Nf3 b6 3. g3 Bb7 4. Bg2 e6 5. c4 Bb4+ 6. Bd2 Be7 7. O-O O-O 8. Nc3
d5 9. Ne5 c6 10. Bf4 Nbd7 11. cxd5 1/2-1/2

[Event "2. Bundesliga West 2006/2007"]
[Site "?"]
[Date "2006.10.22"]
[Round "2"]
[White "Bromberger, Stefan"]
[Black "Gasthofer, Alexander"]
[Result "1/2-1/2"]
[WhiteElo "2507"]
[BlackElo "2439"]
[PlyCount "28"]
[EventDate "2006.??.??"]
[SourceDate "2006.10.21"]

1. d4 d5 2. c4 e6 3. Nc3 Nf6 4. Bg5 Be7 5. e3 h6 6. Bh4 O-O 7. Rc1 c6 8. Nf3
Ne4 9. Bxe7 Qxe7 10. Bd3 Nxc3 11. Rxc3 dxc4 12. Bxc4 Nd7 13. O-O e5 14. Bb3 Re8
1/2-1/2

[Event "2. Bundesliga West 2006/2007"]
[Site "?"]
[Date "2006.10.22"]
[Round "2"]
[White "Kroell, Johannes"]
[Black "Maier, Peter"]
[Result "1/2-1/2"]
[WhiteElo "2176"]
[BlackElo "2169"]
[PlyCount "114"]
[EventDate "2006.??.??"]
[SourceDate "2006.10.21"]

1. Nc3 g6 2. e4 Bg7 3. Bc4 d6 4. d4 c6 5. Bb3 Nf6 6. Bf4 O-O 7. Qd2 b5 8. f3 a5
9. a4 b4 10. Nce2 Na6 11. Bh6 c5 12. h4 Qc7 13. h5 c4 14. Ba2 e5 15. g4 Be6 16.
d5 Bc8 17. hxg6 fxg6 18. Bxg7 Kxg7 19. Qh6+ Kg8 20. Nh3 Rf7 21. Ng5 Rg7 22. Rd1
b3 23. cxb3 Nb4 24. Bb1 cxb3 25. Nc3 Qc5 26. Ne6 Bxe6 27. dxe6 Re8 28. Nb5 Rxe6
29. Rc1 Nc2+ 30. Bxc2 g5 31. Nc3 Qe3+ 32. Ne2 bxc2 33. Rxc2 Qb3 34. Rc8+ Re8
35. Rxe8+ Nxe8 36. Nc3 Qf7 37. O-O Rg6 38. Qh2 Ng7 39. Qd2 Rf6 40. Kg2 Ne6 41.
Nd5 Nf4+ 42. Nxf4 gxf4 43. Qxa5 Qe7 44. Rc1 Rf8 45. Kh3 Qf6 46. Qe1 Rb8 47. b4
h5 48. b5 hxg4+ 49. fxg4 Kf7 50. Kg2 f3+ 51. Kf1 Rh8 52. Rc7+ Kg6 53. Qg3 Rh1+
54. Kf2 Ra1 55. Qh3 Ra2+ 56. Kf1 Ra1+ 57. Kf2 Ra2+ 1/2-1/2

[Event "2. Bundesliga West 2006/2007"]
[Site "?"]
[Date "2006.10.22"]
[Round "2"]
[White "Haemmerle, Gernot"]
[Black "Platzgummer, Fabian"]
[Result "1/2-1/2"]
[WhiteElo "1935"]
[BlackElo "2044"]
[PlyCount "94"]
[EventDate "2006.??.??"]
[SourceDate "2006.10.21"]

1. d4 Nf6 2. Bg5 Ne4 3. Bh4 g5 4. f3 gxh4 5. fxe4 d5 6. exd5 Qxd5 7. Nc3 Qa5 8.
e4 Bg7 9. Qd2 Nc6 10. Nd5 Qxd2+ 11. Kxd2 Bh6+ 12. Kd3 Kd8 13. c3 Rg8 14. Nf3 h3
15. gxh3 b6 16. Rg1 Rxg1 17. Nxg1 Na5 18. Kc2 c6 19. Nb4 e6 20. Nf3 Bb7 21. Ne5
Ke8 22. Na6 Rc8 23. b4 c5 24. bxa5 cxd4 25. Bb5+ Ke7 26. c4 Bxe4+ 27. Kb3 Bg7
28. Re1 f5 29. Ng4 d3 30. Nf2 d2 31. Rd1 Rd8 32. Nxe4 fxe4 33. c5 bxc5 34. Kc2
e3 35. Be2 c4 36. Nb4 Kd6 37. a3 Bh6 38. Na2 Bf4 39. Nc3 Be5 40. Ne4+ Kd5 41.
Bf3 Kd4 42. Nxd2 Bc7 43. Nf1+ Kc5 44. Rxd8 Bxd8 45. Nxe3 Kd4 46. Ng4 e5 47. a6
e4 1/2-1/2

[Event "2. Bundesliga West 2006/2007"]
[Site "?"]
[Date "2006.10.22"]
[Round "2"]
[White "Eybl, Alexander"]
[Black "Hicker, Harald"]
[Result "1-0"]
[WhiteElo "2253"]
[BlackElo "2136"]
[PlyCount "155"]
[EventDate "2006.??.??"]
[SourceDate "2006.10.21"]

1. Nc3 d5 2. e4 dxe4 3. Nxe4 Nd7 4. Bc4 Ngf6 5. Ng5 e6 6. Qe2 Nb6 7. Bb3 h6 8.
N5f3 Be7 9. Ne5 O-O 10. Ngf3 c5 11. d3 Nbd5 12. h4 Qc7 13. g4 Nd7 14. g5 Nxe5
15. Nxe5 Bd6 16. Ng4 h5 17. Nf6+ Nxf6 18. gxf6 g6 19. Rg1 Be5 20. Qxh5 Bxf6 21.
Bh6 Bg7 22. Bxg7 Kxg7 23. Qg5 Qd8 24. Qxd8 Rxd8 25. h5 Rh8 26. hxg6 fxg6 27.
Ke2 Bd7 28. Rg5 Rh5 29. Rag1 Rxg5 30. Rxg5 b6 31. Ke3 Kf6 32. f4 Rh8 33. Rg3
Rh5 34. d4 cxd4+ 35. Kxd4 Rf5 36. Ke3 e5 37. fxe5+ Rxe5+ 38. Kf2 Bf5 39. Rc3
Re7 40. Rc6+ Kg5 41. Bd5 Rd7 42. c4 Kf4 43. a4 Rh7 44. Kg2 Rh3 45. Rxg6 Bxg6
46. Kxh3 a5 47. Kg2 Ke3 48. Kf1 Kd2 49. Kf2 Bc2 50. Bc6 Bd1 51. Be8 Be2 52. Bb5
Bh5 53. Ba6 Be8 54. Bb5 Bh5 55. Ba6 Kc2 56. Ke3 Kb3 57. Bb5 Bg6 58. Kd4 Kb4 59.
Kd5 Bc2 60. Kc6 Bxa4 61. Kxb6 Bb3 62. c5 Bd5 63. Bc6 Be6 64. Be4 a4 65. c6 Kb3
66. Ka5 Kxb2 67. Kxa4 Kc3 68. Kb5 Kd4 69. Bg2 Ke5 70. Kc5 Bg4 71. Kb6 Kd6 72.
Kb7 Be6 73. c7 Bd7 74. Kb8 Bf5 75. Bb7 Bg4 76. Bc8 Be2 77. Bh3 Ba6 78. Bf1 1-0

[Event "2. Bundesliga West 2006/2007"]
[Site "?"]
[Date "2006.10.22"]
[Round "2"]
[White "Lanka, Zigurds"]
[Black "Ginsburg, Gennadij"]
[Result "1-0"]
[WhiteElo "2498"]
[BlackElo "2506"]
[PlyCount "75"]
[EventDate "2006.??.??"]
[SourceDate "2006.10.21"]

1. e4 c5 2. Nf3 e6 3. d4 cxd4 4. Nxd4 a6 5. Nc3 b5 6. Bd3 d6 7. Qe2 Nd7 8. Bd2
Bb7 9. a4 bxa4 10. Nxa4 Ngf6 11. O-O Be7 12. Nb3 Ne5 13. Na5 Qc7 14. f4 Nxd3
15. cxd3 Rc8 16. Rfc1 Qb8 17. Rxc8+ Qxc8 18. Rc1 Qd7 19. Qd1 O-O 20. Qb3 Ba8
21. h3 Bd8 22. Nb6 Qa7 23. Be3 Nd7 24. Nbc4 Qc7 25. Kh2 d5 26. Nb6 Qxc1 27.
Bxc1 Bxb6 28. e5 Rb8 29. Qa3 Bc5 30. Qa4 Nb6 31. Qd1 d4 32. Nb3 Be7 33. f5 exf5
34. Nxd4 g6 35. Qe1 Rd8 36. Qa5 Rxd4 37. Qxb6 Rxd3 38. Qa7 1-0

[Event "2. Bundesliga West 2006/2007"]
[Site "?"]
[Date "2006.10.22"]
[Round "2"]
[White "Endthaler, Arnold"]
[Black "Muehlbacher, Bernhard"]
[Result "0-1"]
[WhiteElo "2094"]
[BlackElo "2094"]
[PlyCount "63"]
[EventDate "2006.??.??"]
[SourceDate "2006.10.21"]

1. e4 c5 2. Nf3 e6 3. d4 cxd4 4. Nxd4 a6 5. Bd3 b6 6. O-O Qc7 7. Nc3 Bb7 8. Qe2
d6 9. Bg5 Nd7 10. Rad1 Ngf6 11. Bc4 Nc5 12. Rfe1 b5 13. Bxb5+ axb5 14. Ndxb5
Qb8 15. Bxf6 gxf6 16. Qc4 Be7 17. b4 Nd7 18. Nc7+ Kf8 19. Nxa8 Bxa8 20. a4 Kg8
21. f4 f5 22. Rd2 fxe4 23. Nd1 d5 24. Qb5 Qa7+ 25. Kh1 d4 26. c4 e3 27. Nxe3
dxe3 28. Rxd7 Bxg2+ 29. Kg1 Qxd7 30. Qb8+ Bd8 31. Rxe3 Qd1+ 32. Kf2 0-1

[Event "2. Bundesliga West 2006/2007"]
[Site "?"]
[Date "2006.10.22"]
[Round "2"]
[White "Jedinger, Andreas"]
[Black "Lickleder, Andreas"]
[Result "1-0"]
[WhiteElo "2147"]
[BlackElo "2235"]
[PlyCount "65"]
[EventDate "2006.??.??"]
[SourceDate "2006.10.21"]

1. e4 c5 2. Nf3 d6 3. d4 cxd4 4. Nxd4 Nf6 5. Nc3 a6 6. Bg5 e6 7. f4 b5 8. e5
dxe5 9. fxe5 Qc7 10. exf6 Qe5+ 11. Be2 Qxg5 12. O-O Qe5 13. Nf3 Bc5+ 14. Kh1
Qxf6 15. Ne4 Qe7 16. Ne5 O-O 17. Rxf7 Rxf7 18. Nxf7 Bb6 19. Ned6 Nd7 20. Bd3
Nf6 21. Qf3 Rb8 22. Rf1 Bb7 23. Qh3 h6 24. Qg3 Bc7 25. Qg6 Bxd6 26. Nxd6 Bd5
27. Rxf6 Qxf6 28. Qh7+ Kf8 29. Qh8+ Ke7 30. Qxb8 Qxb2 31. Qc7+ Kf6 32. Qf7+ Kg5
33. Qg6+ 1-0

[Event "2. Bundesliga West 2006/2007"]
[Site "?"]
[Date "2006.10.22"]
[Round "2"]
[White "Tabernig, Bernhard"]
[Black "Doskocil, Klaus"]
[Result "1-0"]
[WhiteElo "2292"]
[BlackElo "2146"]
[PlyCount "85"]
[EventDate "2006.??.??"]
[SourceDate "2006.10.21"]

1. d4 Nf6 2. c4 d6 3. Nf3 Nbd7 4. Nc3 e5 5. Bg5 Be7 6. e3 O-O 7. Be2 c6 8. O-O
Re8 9. Qc2 Qc7 10. Rfd1 a6 11. Rac1 Bf8 12. a3 b6 13. dxe5 dxe5 14. Nd2 Bb7 15.
Bf3 g6 16. Bxf6 Nxf6 17. Nde4 Nxe4 18. Nxe4 Red8 19. c5 b5 20. g4 h6 21. Qc3
Be7 22. Kg2 f6 23. Nd6 Bxd6 24. cxd6 Rxd6 25. Rxd6 Qxd6 26. Rd1 Qe6 27. Qd3 f5
28. Qd7 Qxd7 29. Rxd7 Rb8 30. gxf5 gxf5 31. Rc7 a5 32. b4 axb4 33. axb4 e4 34.
Bh5 Kh8 35. Kg3 Rg8+ 36. Kf4 Bc8 37. h4 Rd8 38. Rxc6 Kg7 39. Ke5 Rf8 40. Rc7+
Kg8 41. Bg6 Kh8 42. Re7 Kg8 43. Re8 1-0

[Event "2. Bundesliga West 2006/2007"]
[Site "?"]
[Date "2006.10.22"]
[Round "2"]
[White "Bertagnolli, Alexander"]
[Black "Peterwagner, Heinz"]
[Result "1-0"]
[WhiteElo "2325"]
[BlackElo "2213"]
[PlyCount "73"]
[EventDate "2006.??.??"]
[SourceDate "2006.10.21"]

1. d4 Nf6 2. Bg5 e6 3. e4 Be7 4. e5 Nd5 5. Bd2 d6 6. c4 Nb6 7. exd6 cxd6 8. Nf3
Nc6 9. b4 Bf6 10. Bc3 O-O 11. b5 Ne7 12. Nbd2 Ng6 13. Be2 e5 14. Ne4 Bf5 15.
dxe5 Nxe5 16. Nxf6+ Qxf6 17. Nxe5 dxe5 18. O-O Rfd8 19. Qb3 Qe7 20. Bb4 Qg5 21.
Rfe1 Be6 22. Rac1 Rac8 23. Qa3 Rd4 24. Qxa7 Nxc4 25. Bxc4 Rdxc4 26. Rxc4 Rxc4
27. Qb8+ Rc8 28. Qxb7 h5 29. b6 Rc1 30. Qa8+ Kh7 31. Qe4+ g6 32. h4 Rxe1+ 33.
Bxe1 Qc1 34. b7 Bd5 35. Qxd5 Qxe1+ 36. Kh2 Qxf2 37. Qc4 1-0

[Event "2.BLW"]
[Site "?"]
[Date "2006.12.01"]
[Round "3"]
[White "Medvegy, Zoltan"]
[Black "Bromberger, Stefan"]
[Result "0-1"]
[WhiteElo "2518"]
[BlackElo "2507"]
[PlyCount "78"]
[EventDate "2006.??.??"]
[SourceDate "2006.10.21"]

1. d4 d5 2. Nf3 Nf6 3. c4 c6 4. e3 Bf5 5. Nc3 e6 6. Be2 Nbd7 7. Nh4 Be4 8. f3
Bg6 9. f4 Bb4 10. Qb3 Ne4 11. Nf3 Qa5 12. Bd2 dxc4 13. Bxc4 Nxd2 14. Nxd2 Nb6
15. a3 Be7 16. Nf3 O-O 17. Ne5 c5 18. d5 exd5 19. Bxd5 c4 20. Bxc4 Bf6 21. Nxg6
hxg6 22. Be2 Nd5 23. O-O Nxe3 24. Rfc1 Rfe8 25. Bf3 Rad8 26. Kh1 Nf5 27. Nd5
Bd4 28. Rd1 Rd7 29. Nc3 Qd8 30. Bg4 Qh4 31. Bxf5 gxf5 32. Nd5 Bxb2 33. Rab1 Qf2
34. Qg3 Qc2 35. Qf3 Re4 36. Rxb2 Qxb2 37. Qd3 Qe2 38. g4 Qxd3 39. Rxd3 Kf8 0-1

[Event "2.BLW"]
[Site "?"]
[Date "2006.12.01"]
[Round "3"]
[White "Deglmann, Ludwig"]
[Black "Dovzik, Juri"]
[Result "0-1"]
[WhiteElo "2341"]
[BlackElo "2416"]
[PlyCount "46"]
[EventDate "2006.??.??"]
[SourceDate "2006.10.21"]

1. e4 c5 2. Nf3 e6 3. b3 b6 4. d4 cxd4 5. Nxd4 Bb7 6. Nb5 Nf6 7. N1c3 Bb4 8.
Bf4 O-O 9. Qd4 Nc6 10. Qd3 d5 11. a3 a6 12. axb4 Nxb4 13. Qd1 axb5 14. Rxa8
Qxa8 15. e5 Ne4 16. Nxe4 dxe4 17. Bd2 Rd8 18. Bxb5 e3 19. fxe3 Bxg2 20. Rg1 Bf3
21. Qc1 Qe4 22. Rg3 Bh5 23. Kf2 Na2 0-1

[Event "2.BLW"]
[Site "?"]
[Date "2006.12.01"]
[Round "3"]
[White "Webersberger, Johann"]
[Black "Gatterer, Florian"]
[Result "1/2-1/2"]
[WhiteElo "2264"]
[BlackElo "2206"]
[PlyCount "169"]
[EventDate "2006.??.??"]
[SourceDate "2006.10.21"]

1. c4 c6 2. Nf3 d5 3. e3 Nf6 4. d4 Bf5 5. cxd5 cxd5 6. Qb3 Qc7 7. Nc3 e6 8. Bd2
Nc6 9. Rc1 Be7 10. Be2 O-O 11. O-O Rac8 12. Rfd1 Qb8 13. Qa4 Nd7 14. h3 a6 15.
Nb1 Qa7 16. Qb3 Rc7 17. Bd3 Bxd3 18. Qxd3 Rfc8 19. Nc3 b5 20. e4 b4 21. Ne2
dxe4 22. Qxe4 Nf6 23. Qd3 Bd6 24. Rc4 h6 25. Rdc1 Nd5 26. Qe4 Nf6 27. Qd3 a5
28. Bf4 Bxf4 29. Nxf4 Ne7 30. Rxc7 Rxc7 31. Rxc7 Qxc7 32. Ne2 Nfd5 33. a3 bxa3
34. bxa3 a4 35. Ne5 Qa5 36. g3 Nf5 37. Nd7 Nd6 38. Nc5 Nb5 39. Kf1 Nd6 40. Qa6
Qxa6 41. Nxa6 Nb5 42. Nc5 Nb6 43. Ke1 Nxa3 44. Nc3 Nc2+ 45. Kd2 Nxd4 46. N5xa4
Nd7 47. Nb2 g5 48. Ke3 Nf5+ 49. Ke2 Kh7 50. Nd3 Kg6 51. g4 Nd6 52. Ke3 e5 53.
Ne4 Nc4+ 54. Kf3 h5 55. Nec5 Nxc5 56. Nxc5 h4 57. Ne4 Nb6 58. Kg2 Nd5 59. Nd6
Nf4+ 60. Kh2 f6 61. Ne4 Kf7 62. Nd6+ Ke7 63. Ne4 Ke6 64. Nc5+ Kd6 65. Ne4+ Ke7
66. Nc5 Nd5 67. Ne4 Kd7 68. Kg2 Kc6 69. Kf3 Kb5 70. Nd6+ Kc5 71. Ne4+ Kd4 72.
Nd6 Kc3 73. Ne8 Kd3 74. Nd6 Kd2 75. Ne8 Ke1 76. Ke4 Kxf2 77. Kxd5 Kg3 78. Ke4
Kxh3 79. Kf3 e4+ 80. Kf2 e3+ 81. Kxe3 Kxg4 82. Nxf6+ Kg3 83. Ne4+ Kg4 84. Nxg5
Kxg5 85. Kf3 1/2-1/2

[Event "2.BLW"]
[Site "?"]
[Date "2006.12.01"]
[Round "3"]
[White "Hengl, Christian"]
[Black "Zoister, Stefan"]
[Result "1-0"]
[WhiteElo "2257"]
[BlackElo "2224"]
[PlyCount "109"]
[EventDate "2006.??.??"]
[SourceDate "2006.10.21"]

1. e4 c6 2. d4 d5 3. Nc3 dxe4 4. Nxe4 Nd7 5. Bc4 Ngf6 6. Ng5 e6 7. Qe2 Nb6 8.
Bb3 h6 9. N5f3 a5 10. a4 c5 11. Bf4 Bd6 12. Be5 O-O 13. O-O-O c4 14. Bxc4 Nxa4
15. Bb5 Nb6 16. Kb1 a4 17. c4 Bb4 18. Bxf6 Qxf6 19. Ne5 a3 20. Ngf3 axb2 21.
Qc2 Qd8 22. Qxb2 Ba3 23. Qb3 Bd7 24. Nxd7 Nxd7 25. Kc2 Nf6 26. Rhe1 Bd6 27. c5
Qc7 28. Kb2 Be7 29. Bc4 b6 30. cxb6 Qd6 31. Ra1 Rab8 32. Ra6 Rb7 33. Re5 Rfb8
34. Rb5 Bd8 35. d5 exd5 36. Bxd5 Nxd5 37. Qxd5 Qxd5 38. Rxd5 Bxb6 39. Rb5 Bxf2
40. Rxb7 Rxb7+ 41. Kc3 Rd7 42. Kc2 f6 43. Ra3 Kf7 44. Rd3 Re7 45. Rd2 Bb6 46.
Kd1 f5 47. Re2 Be3 48. Kc2 f4 49. Kd3 Kf6 50. g4 Ke6 51. Nd4+ Kf6 52. Nf5 Rd7+
53. Ke4 g6 54. Nxe3 Re7+ 55. Kxf4 1-0

[Event "2.BLW"]
[Site "?"]
[Date "2006.12.01"]
[Round "3"]
[White "Bensch, Patrick"]
[Black "Fuchs, G."]
[Result "1/2-1/2"]
[WhiteElo "2225"]
[BlackElo "2209"]
[PlyCount "55"]
[EventDate "2006.??.??"]
[SourceDate "2006.10.21"]

1. e4 e5 2. Nf3 Nf6 3. Nxe5 d6 4. Nf3 Nxe4 5. d4 d5 6. Bd3 Bd6 7. O-O O-O 8. c4
c6 9. cxd5 cxd5 10. Nc3 Nxc3 11. bxc3 Bg4 12. h3 Bh5 13. Rb1 Nd7 14. Rb5 Nb6
15. c4 Nxc4 16. Bxc4 Bxf3 17. Qxf3 dxc4 18. Rxb7 a5 19. Bd2 Bb4 20. Rd1 Rb8 21.
Rxb8 Qxb8 22. Bc3 Qd6 23. d5 Rd8 24. Rd4 Qc5 25. a3 Bxc3 26. Qxc3 h6 27. Rxc4
Qxd5 28. Rc8 1/2-1/2

[Event "2.BLW"]
[Site "?"]
[Date "2006.12.01"]
[Round "3"]
[White "Muehlbacher, Bernhard"]
[Black "Ager, Josef"]
[Result "0-1"]
[WhiteElo "2094"]
[BlackElo "2196"]
[PlyCount "130"]
[EventDate "2006.??.??"]
[SourceDate "2006.10.21"]

1. c4 g6 2. g3 Bg7 3. Bg2 Nf6 4. e3 d6 5. Ne2 e5 6. Nbc3 O-O 7. O-O Nc6 8. h3
Bd7 9. Kh2 Rb8 10. d4 a6 11. b3 Nh5 12. d5 Ne7 13. g4 Nf6 14. Ng3 Ne8 15. e4 f5
16. gxf5 gxf5 17. Nh5 f4 18. Rg1 Ng6 19. Bf3 Qh4 20. Qf1 Bh6 21. Bd2 Kh8 22. a4
c5 23. Ne2 Nc7 24. Ra2 Rf7 25. Qg2 b6 26. b4 cxb4 27. Bxb4 Bf8 28. Bc3 a5 29.
Rb1 Na6 30. Ng1 Qd8 31. Bg4 Nc5 32. f3 Nxa4 33. Be1 Nc5 34. Bc3 a4 35. Ne2 Be7
36. Bb4 Rc8 37. Rc2 Nb3 38. Nc1 Nd4 39. Rc3 Bf8 40. Qf1 Qh4 41. Ne2 Nb3 42. Rb2
Bxg4 43. fxg4 Rfc7 44. Ng1 Nd4 45. Rb1 b5 46. Rbc1 bxc4 47. Nf3 Nxf3+ 48. Qxf3
Rb7 49. Rxc4 Rcb8 50. Be1 Rb2+ 51. Kg1 Qd8 52. Rxa4 R8b3 53. Qf1 Nh4 54. Bf2
Nf3+ 55. Kh1 Rb8 56. Qg2 R2b3 57. Ra7 Be7 58. Rcc7 Rb1+ 59. Bg1 Nxg1 60. Qxg1
Rxg1+ 61. Kxg1 Rb1+ 62. Kg2 Qb8 63. g5 Qb2+ 64. Kf3 Qb3+ 65. Kg4 Rg1+ 0-1

[Event "2.BLW"]
[Site "?"]
[Date "2006.12.01"]
[Round "3"]
[White "Novkovic, Julia"]
[Black "Novkovic, Milan"]
[Result "1/2-1/2"]
[WhiteElo "2158"]
[BlackElo "2394"]
[PlyCount "28"]
[EventDate "2006.??.??"]
[SourceDate "2006.10.21"]

1. e4 c5 2. Nc3 Nc6 3. g3 g6 4. d3 Bg7 5. Be3 d6 6. Qd2 Rb8 7. Bg2 b5 8. Nd1 b4
9. f4 Qc7 10. Nf3 Bg4 11. O-O Nf6 12. Nf2 Bxf3 13. Bxf3 Nd7 14. Rab1 Nd4
1/2-1/2

[Event "2.BLW"]
[Site "?"]
[Date "2006.12.01"]
[Round "3"]
[White "Natter, Markus"]
[Black "Grabher, Heinz"]
[Result "1-0"]
[WhiteElo "2102"]
[BlackElo "2311"]
[PlyCount "99"]
[EventDate "2006.??.??"]
[SourceDate "2006.10.21"]

1. e4 e5 2. Nf3 Nc6 3. Nc3 Nf6 4. g3 Bc5 5. Bg2 d6 6. O-O h6 7. d3 Bg4 8. h3
Be6 9. Na4 Qd7 10. Kh2 O-O 11. Nxc5 dxc5 12. b3 Rad8 13. Bb2 Qd6 14. a4 a5 15.
Nd2 Nd7 16. f4 f6 17. Rf2 Nd4 18. Nc4 Bxc4 19. bxc4 exf4 20. gxf4 Ne6 21. Qg4
Nd4 22. Qg3 Qb6 23. Bc3 Rde8 24. h4 Re7 25. Bh3 Rd8 26. Rg1 Nf8 27. Qg4 Kh7 28.
Rfg2 Kh8 29. Qh5 Qd6 30. Qg4 b6 31. Kh1 Qe6 32. f5 Qf7 33. Bb2 Nd7 34. Bc1 Ne5
35. Qg3 Qh5 36. Bf4 Ndf3 37. Rf1 Nxh4 38. Bg4 Nxg4 39. Qxg4 Qxg4 40. Rxg4 Nxf5
41. exf5 Rd4 42. Rg2 Kg8 43. Kh2 Kf8 44. Kg3 Ke8 45. Kf3 Kf8 46. Rfg1 Red7 47.
Re1 Kf7 48. Reg1 Kf8 49. Be3 R4d6 50. Bxh6 1-0

[Event "2.BLW"]
[Site "?"]
[Date "2006.12.01"]
[Round "3"]
[White "Atlas, Dimitry"]
[Black "Gsteu, Peter"]
[Result "1/2-1/2"]
[WhiteElo "2056"]
[BlackElo "2294"]
[PlyCount "118"]
[EventDate "2006.??.??"]
[SourceDate "2006.10.21"]

1. e4 c5 2. c3 e6 3. d4 d5 4. e5 Nc6 5. Nf3 Qb6 6. Be2 f6 7. O-O fxe5 8. dxe5
Nge7 9. Bd3 Bd7 10. a3 h6 11. h4 O-O-O 12. b4 Qc7 13. Re1 Be8 14. Bf4 Bh5 15.
b5 Na5 16. Nbd2 Ng6 17. Bg3 c4 18. Be2 Bc5 19. Nd4 Bxe2 20. Qxe2 Bxd4 21. cxd4
Ne7 22. f3 b6 23. Bf2 Kb7 24. a4 g5 25. h5 Rhf8 26. Ra3 Rc8 27. Rc3 Qd7 28. g4
Rf7 29. Kg2 Rcf8 30. Bg3 Nc8 31. Qd1 a6 32. bxa6+ Kxa6 33. Nb1 Na7 34. Ree3 Rb8
35. Na3 Nb3 36. Rxb3 cxb3 37. Rxb3 Qc6 38. Qd3+ Kb7 39. a5 Ka8 40. Rc3 Qb7 41.
Qg6 Qe7 42. Qxh6 bxa5 43. Qg6 Rb2+ 44. Kh3 a4 45. Qd3 Qb7 46. Be1 Nb5 47. Nxb5
Qxb5 48. Qxb5 Rxb5 49. Ra3 Rb3 50. Rxa4+ Kb7 51. Rb4+ Rxb4 52. Bxb4 Rxf3+ 53.
Kg2 Rf4 54. Kg3 Rxd4 55. Be7 Rd3+ 56. Kf2 Rd4 57. Kg3 Rd3+ 58. Kf2 Rd4 59. Kf3
Rd3+ 1/2-1/2

[Event "2.BLW"]
[Site "?"]
[Date "2006.12.01"]
[Round "3"]
[White "Klocker, Benedikt"]
[Black "Burschowsky, Matthias"]
[Result "0-1"]
[WhiteElo "2028"]
[BlackElo "2211"]
[PlyCount "94"]
[EventDate "2006.??.??"]
[SourceDate "2006.10.21"]

1. e4 c5 2. Nf3 e6 3. d4 cxd4 4. Nxd4 Nf6 5. Nc3 d6 6. Be3 a6 7. Bd3 b5 8. f3
Bb7 9. O-O Be7 10. Qd2 O-O 11. Rad1 Nbd7 12. Rfe1 b4 13. Nce2 d5 14. exd5 Nxd5
15. Bf2 Bc5 16. c4 bxc3 17. Nxc3 Nxc3 18. Qxc3 Qb6 19. Qc2 Nf6 20. Nb3 Bxf2+
21. Qxf2 Qxf2+ 22. Kxf2 a5 23. Nc5 Bd5 24. b3 Rfd8 25. Ne4 Nd7 26. Nc3 Nb6 27.
Nxd5 Nxd5 28. Be4 Nc3 29. Rxd8+ Rxd8 30. a4 f5 31. Bc6 Rd6 32. Bb5 Rd2+ 33. Kg3
Kf7 34. Bc4 Nd5 35. Re2 Rd4 36. Rc2 Ne3 37. Rc1 g5 38. Kf2 f4 39. Be2 Kf6 40.
Rc5 Rb4 41. Rxa5 Rxb3 42. Ra8 Ra3 43. a5 Ra2 44. a6 Nd5 45. Ke1 Ke5 46. Bc4
Ra1+ 47. Ke2 Nb6 0-1

[Event "2.BLW"]
[Site "?"]
[Date "2006.12.01"]
[Round "3"]
[White "Baldauf, Marco"]
[Black "Ladenhauf, Gideon"]
[Result "1-0"]
[WhiteElo "2155"]
[BlackElo "1820"]
[PlyCount "65"]
[EventDate "2006.??.??"]
[SourceDate "2006.10.21"]

1. e4 e6 2. d4 d5 3. Nd2 Nf6 4. e5 Nfd7 5. c3 c5 6. Bd3 Nc6 7. Ndf3 Qb6 8. Ne2
Be7 9. O-O O-O 10. a3 a5 11. b3 Qd8 12. Bf4 b6 13. c4 Nxd4 14. Nexd4 cxd4 15.
cxd5 Nc5 16. d6 Nxd3 17. Qxd3 Ba6 18. Qxd4 Bxf1 19. Rxf1 Re8 20. dxe7 Qxe7 21.
a4 Reb8 22. Qe4 Rc8 23. Ng5 g6 24. Qe3 Qb4 25. Ne4 Rc7 26. Bg5 Rac8 27. Nf6+
Kg7 28. Bh6+ Kh8 29. Qh3 Qc3 30. Be3 h5 31. Qg3 Qb4 32. Qg5 Qf8 33. Nxh5 1-0

[Event "2.BLW"]
[Site "?"]
[Date "2006.12.01"]
[Round "3"]
[White "Ginsburg, Gennadij"]
[Black "Dobosz, Henryk"]
[Result "1-0"]
[WhiteElo "2506"]
[BlackElo "2419"]
[PlyCount "145"]
[EventDate "2006.??.??"]
[SourceDate "2006.10.21"]

1. d4 d5 2. c4 c6 3. Nf3 Nf6 4. e3 Bf5 5. Nc3 e6 6. Nh4 Bg6 7. Nxg6 hxg6 8. g3
a6 9. a4 a5 10. Bg2 Na6 11. O-O Nb4 12. Na2 Nxa2 13. Rxa2 Bb4 14. b3 O-O 15.
Qd3 Qe7 16. Rc2 Ba3 17. c5 Bxc1 18. Rfxc1 Rfb8 19. Bf1 Ne8 20. Rb2 b6 21. cxb6
Rxb6 22. Rc5 Nd6 23. Qc2 Qd7 24. b4 axb4 25. a5 Rbb8 26. a6 Rb6 27. Bd3 Nc4 28.
Bxc4 dxc4 29. Qxc4 Raxa6 30. Rxb4 Qb7 31. Rxb6 Rxb6 32. Kg2 Rb4 33. Qc2 Rb5 34.
Rxc6 Rb6 35. d5 exd5 36. Rc8+ Kh7 37. Rc7 Qa8 38. Rxf7 d4+ 39. e4 Rc6 40. Qd3
Qd8 41. Rf4 Rc3 42. Qd2 Rc5 43. Rh4+ Rh5 44. Rxh5+ gxh5 45. Qd3 g6 46. h4 Qd6
47. f4 Qb4 48. Kf3 Qe1 49. e5 Qh1+ 50. Kf2 Qh2+ 51. Ke1 Qg1+ 52. Kd2 Qf2+ 53.
Kc1 Kg7 54. Kd1 Kf7 55. Qc4+ Ke7 56. Qc7+ Ke6 57. Qc6+ Ke7 58. Qd6+ Ke8 59.
Qxg6+ Kd7 60. Qf5+ Ke7 61. Qd3 Ke6 62. Qe4 Qf1+ 63. Kd2 Qf2+ 64. Qe2 Qxg3 65.
Qc4+ Ke7 66. Qxd4 Qg2+ 67. Kc3 Qh3+ 68. Kc4 Qxh4 69. f5 Qe1 70. Qd6+ Ke8 71.
Kd5 Qg3 72. Qb8+ Ke7 73. f6+ 1-0

[Event "2.BLW"]
[Site "?"]
[Date "2006.12.01"]
[Round "3"]
[White "Eisenbeiser, Amadeus"]
[Black "Hugentobler, Patrick"]
[Result "1-0"]
[WhiteElo "2352"]
[BlackElo "2236"]
[PlyCount "81"]
[EventDate "2006.??.??"]
[SourceDate "2006.10.21"]

1. e4 Nf6 2. e5 Nd5 3. d4 d6 4. Nf3 dxe5 5. Nxe5 c6 6. c3 Nd7 7. Bd3 Nxe5 8.
dxe5 g6 9. O-O Bg7 10. Re1 Be6 11. Na3 Qd7 12. Nc2 c5 13. Qe2 O-O 14. c4 Nb6
15. Bf4 Bf5 16. Bxf5 Qxf5 17. Bg3 Rad8 18. Rad1 Qe6 19. b3 Rd7 20. Rxd7 Nxd7
21. f4 Nb8 22. Qe4 Qf5 23. Qxf5 gxf5 24. Rd1 Rc8 25. Bf2 b6 26. Na3 Nc6 27. Nb5
a6 28. Nc3 e6 29. Na4 b5 30. cxb5 axb5 31. Nb6 Rb8 32. Bxc5 h5 33. Kf2 Rb7 34.
Rd7 Rb8 35. Rc7 Na5 36. Rc8+ Rxc8 37. Nxc8 Nb7 38. Bb4 Bf8 39. Bxf8 Kxf8 40. b4
Ke8 41. Kg3 1-0